Responses for Show #2918 - Wednesday, April 16, 1997

Contestants

[<< previous game]

Jeff Park, a social studies teacher from Denver, Colorado

Carol Feingold, a medical librarian from Amesbury, Massachusetts

Sue Keller, a ragtime piano player from Staten Island, New York (whose 2-day cash winnings total $15,400)

[next game >>]

Jeopardy! Round responses

ACTS OF THE APOSTLES
POP MUSIC
SHOPPING U.S.A.
LITERATURE
APPLES
CROSSWORD CLUES "I"
    $100 21
Paul

Sue
    $100 1
"The Twist"

Sue
    $100 7
Memphis

Jeff
    $100 6
Moby-Dick

Jeff
    $100 26
William Tell

Sue
    $100 13
ink

Sue
    $200 22
(Jeff: Who is John the Baptist?)

Simon Peter

Jeff
Triple Stumper
    $200 2
Meat Loaf

Sue
    $200 8
New Orleans

Carol
    $200 9
The Three Musketeers

Carol
    $200 27
perfume

Jeff
    $200 14
Iraq

Jeff
    $300 23
David

Sue
    $300 3
Pink Floyd

Sue
    $300 18
Rodeo Drive

Jeff
    $300 10
Little Women

Carol
    $300 28
Isaac Newton

Jeff
    $300 15
Inferno

Sue
    $400 24
Samaria

Sue
    $400 4
Gloria Estefan

Sue
    $400 19
New York City

Sue
    $700 11
Jane Eyre

Carol
    $400 29
Snow White

Sue
    $400 16
Impressionist

Carol
    $500 25
speaking in tongues

Triple Stumper
    $500 5
(Alex: Oh, we stumped you, didn't we, Sue?)

Boyz II Men

Triple Stumper
    $500 20
Minnesota

Jeff
    $500 12
The Mayor of Casterbridge

Sue
    $500 30
(Alex: Compaq is No. 1.)

IBM

Jeff
    $500 17
interrogate

Sue

Scores at the first commercial break (after clue 15):

Sue Carol Jeff
$1,900 $1,400 $400

Scores at the end of the Jeopardy! Round:

Sue Carol Jeff
$4,100 $1,800 $2,000

Double Jeopardy! Round responses

PLACES OF INCARCERATION
19th CENTURY AMERICA
GEOLOGY
MOVIE DEBUTS
COLLEGES & UNIVERSITIES
TENNESSEE WILLIAMS
    $200 15
the Bastille

Jeff
    $200 6
(Sue: What is Mars?)
(Carol: What is the sun?)

the moon

SueCarolJeff
    $200 26
a crater

Jeff
    $200 1
Lea Thompson

Jeff
    $200 21
California

Sue
    $200 9
The Glass Menagerie

Jeff
    $400 17
Tower of London

Sue
    $400 7
Uncle Tom's Cabin

Jeff
    $400 27
a rift valley

Sue
    $400 2
Emilio Estevez

Carol
    $400 22
Yale

Sue
    $400 11
Cat on a Hot Tin Roof

Sue
    $600 18
Florida

Sue
    $600 8
red

Carol
    $900 28
[NOTE: This was the 75,000th clue entered into the J! Archive, 2006-11-29.]

a geode

Sue
    $600 3
Deliverance

Sue
    $600 23
Istanbul

Sue
    $600 12
F. Scott Fitzgerald

Sue
    $800 19
the Black Hole of Calcutta

Jeff
    $800 10
Charles Gibson

Carol
    $800 29
a glacier

Jeff
    $800 4
Carrie

Carol
    $800 24
The Salvation Army

Sue
    $800 13
The Seagull

Carol
    $1000 20
Devil's Island

Carol
    $1000 16
John Tyler

Triple Stumper
    $1000 30
stratified

Triple Stumper
    $1000 5
The Right Stuff

Jeff
    $1000 25
Gallaudet University

Carol
    $1000 14
The Rose Tattoo

Sue

Scores at the end of the Double Jeopardy! Round:

Sue Carol Jeff
$10,800 $7,000 $6,000

[wagering suggestions for these scores]

Final Jeopardy! Round responses

AIRPORTS
JeffWhat is Dallas Airport Hi RHS & The Fab 5
$801
CarolWhat is Love Field, Dallas?
$5,001
SueWhat is Love Field?
$2,200
Love Field (in Dallas)

Final scores:

Sue Carol Jeff
$13,000 $12,001 $5,199
3-day champion: $28,400 2nd place: a trip to the Ala Moana Hotel, Honolulu, Hawaii 3rd place: Magnavox 25" stereo color monitor receiver TV

Game dynamics:

Coryat scores:

Sue Carol Jeff
$10,500 $6,700 $6,000
26 R
(including 2 DDs),
1 W
12 R
(including 1 DD),
1 W
17 R,
1 W

Combined Coryat: $23,200

[game clues] [game scores] [suggest correction]

Game tape date: 1996-12-18
The J! Archive is created by fans, for fans. Scraping, republication, monetization, and malicious use prohibited; this site may use cookies and collect identifying information. See terms. The Jeopardy! game show and all elements thereof, including but not limited to copyright and trademark thereto, are the property of Jeopardy Productions, Inc. and are protected under law. This website is not affiliated with, sponsored by, or operated by Jeopardy Productions, Inc. Join the discussion at JBoard.tv.